banner-ar

الارصاد الجوية / (Record no. 28593)

MARC details
000 -الفاتح
حقل البيانات ثابتة الطول 00709nam a2200241Ia 4500
008 - عناصر البيانات ثابتة الطول - معلومات عامة
حقل البيانات ثابتة الطول 140319s9999 xx 000 0 ara d
040 ## - مصدر الفهرسة
وكالة الفهرسة الأصلية GCL /
وكالة النسخ GCL
082 04 - رقم تصنيف ديوى العشرى
رقم التصنيف 551.5
رقم المادة م ا
100 1# - المدخل الرئيسى - إسم شخصى
الإسم الشخصى محمد جمال الدين الفندى
245 10 - بيان العنوان
العنوان الارصاد الجوية /
بيان المسئوليه,etc محمد جمال الدين الفندى
300 ## - الوصف المادى
التعداد 286 ص
490 ## - بيان السلسلة
عنوان السلسلة
650 04 - المدخل الاضافى بالموضوع-مصطلح موضوعى
مصطلح موضوعي العلوم
650 04 - المدخل الاضافى بالموضوع-مصطلح موضوعى
مصطلح موضوعي الرياح
650 04 - المدخل الاضافى بالموضوع-مصطلح موضوعى
مصطلح موضوعي الطقس
650 04 - المدخل الاضافى بالموضوع-مصطلح موضوعى
مصطلح موضوعي الارصاد الجوية
650 04 - المدخل الاضافى بالموضوع-مصطلح موضوعى
مصطلح موضوعي السحاب
650 04 - المدخل الاضافى بالموضوع-مصطلح موضوعى
مصطلح موضوعي العواصف
650 04 - المدخل الاضافى بالموضوع-مصطلح موضوعى
مصطلح موضوعي الارصاد الجوية فى الطيران
942 ## - عناصر المدخل الإضافي( كوها)
مصدر التصنيف او مخطط الترفيف Dewey Decimal Classification
Koha [default] item type كتاب
260 ## - PUBLICATION, DISTRIBUTION, ETC. (IMPRINT)
-- [S.N] :
-- مطبعة جامعة القاهرة
Holdings
حالة التراجع حالة الفقد حالة تلف ليس للاعارة المكان المؤقت الموقع الحالى تاريخ الاكتساب اجمالي اﻻعارات رقم الطلب الباركود تاريخ اخر مشاهدة تاريخ تفعيل السعر نوع وعاء كوها
        مكتبة القاهرة الكبرى مكتبة القاهرة الكبرى 03/26/2014   551.5\م ا 65238 03/26/2014 03/26/2014 كتاب

Powered By

EGPV